00395 2200157 4500001002100000008004100021035002000062245003300082100001600115260002800131300002200159020002200181084001400203082000800217990001200225INLIS000000000002869 IND  a0010-0925000216 aHoror Kamar 022cKiyu Luxury aKiyu Luxury aJakartabEuthaniac2014 a152c(13 x 19 cm) a978-602-1310-34-2 a813 KIY c a813 a0755091